000 00246nam a2200109Ia 4500
008 220204s9999 xx 000 0 und d
082 _a82-3
_bDOS
100 _aDostoyevsky, Fyodor
245 4 _aThe Devils
260 _aEngland
_c1978
942 _cBK
999 _c32987
_d32987